Catálogo público

Five suns: (Record no. 220172)

MARC details
000 -CABECERA
campo de control de longitud fija 03784nam a22002897a 4500
003 - IDENTIFICADOR DEL NÚMERO DE CONTROL
campo de control OSt
005 - FECHA Y HORA DE LA ÚLTIMA TRANSACCIÓN
campo de control 20240920090443.0
008 - DATOS DE LONGITUD FIJA--INFORMACIÓN GENERAL
campo de control de longitud fija 240918b2024 azuad||f |||| 001 0 eng d
020 ## - NÚMERO INTERNACIONAL ESTÁNDAR DEL LIBRO
Número Internacional Estándar del Libro 9780816553396 (Pasta dura)
040 ## - FUENTE DE LA CATALOGACIÓN
Centro catalogador/agencia de origen CHAP
Centro/agencia transcriptor CHAP
Normas de descripción rda
082 00 - NÚMERO DE LA CLASIFICACIÓN DECIMAL DEWEY
Número de edición 22
Número de clasificación 577.240972
Número de documento/Ítem P64
100 1# - ENTRADA PRINCIPAL--NOMBRE DE PERSONA
Nombre de persona Pyne, Stephen J.
9 (RLIN) 93093
245 10 - MENCIÓN DE TÍTULO
Título Five suns:
Resto del título a fire history of Mexico /
Mención de responsabilidad, etc. por Stephen J. Pyne
264 #1 - PRODUCCIÓN, PUBLICACIÓN, DISTRIBUCIÓN, FABRICACIÓN Y COPYRIGHT
Producción, publicación, distribución, fabricación y copyright Tucson:
Nombre del de productor, editor, distribuidor, fabricante University of Arizona Press,
Fecha de producción, publicación, distribución, fabricación o copyright 2024.
300 ## - DESCRIPCIÓN FÍSICA
Extensión 417 páginas:
Otras características físicas Ilustraciones, cuadros, gráficas
336 ## - TIPO DE CONTENIDO
Fuente rdacontent
Término de tipo de contenido texto
Código de tipo de contenido txt
337 ## - TIPO DE MEDIO
Fuente rdamedia
Nombre/término del tipo de medio sin medio
Código del tipo de medio n
338 ## - TIPO DE SOPORTE
Fuente rdacarrier
Nombre/término del tipo de soporte volumen
Código del tipo de soporte nc
500 ## - NOTA GENERAL
Nota general Incluye índice y bibliografía
520 3# - SUMARIO, ETC.
Sumario, etc. A climate defined by wet and dry seasons, a mostly mountainous terrain, a biota prone to disturbances, a human geography characterized by a diversity of peoples all of whom rely on burning in one form or another: Mexico has ideal circumstances for fire, and those fires provide a unique perspective on its complex history. Narrating Mexico's evolution of fire through five eras, historian Stephen J. Pyne describes the pre-human, pre-Hispanic, colonial, industrializing (1880-1980), and contemporary (1980-2015) fire biography of this diverse and dynamic country. Creatively deploying the Aztec New Fire Ceremony and the "five suns" that it birthed, Pyne addresses the question, "Why does fire appear in Mexico the way it does?" Five Suns tells the saga through a pyric prism. Mexico has become one of the top ten "firepowers" in the world today through its fire suppression capabilities, fire research, and industrial combustion, but also by those continuing customary practices that have become increasingly significant to a world that suffers too much combustion and too little fire. Five Suns completes a North American fire-history trilogy written by Pyne over the past 40 years, complementing his histories of Canada and the United States.
520 3# - SUMARIO, ETC.
Sumario, etc. Un clima definido por estaciones húmedas y secas, un terreno mayoritariamente montañoso, una biota propensa a perturbaciones, una geografía humana caracterizada por una diversidad de pueblos que dependen de la quema de una forma u otra: México tiene circunstancias ideales para el fuego, y esos incendios brindan una perspectiva única sobre su compleja historia. Al narrar la evolución del fuego en México a lo largo de cinco eras, el historiador Stephen J. Pyne describe la biografía del fuego prehumano, prehispánico, colonial, industrializador (1880-1980) y contemporáneo (1980-2015) de este país diverso y dinámico. Al desplegar creativamente la Ceremonia del Fuego Nuevo Azteca y los "cinco soles" que la dieron origen, Pyne aborda la pregunta: "¿Por qué el fuego aparece en México de la manera en que lo hace?". Cinco Soles cuenta la saga a través de un prisma pírico. México se ha convertido en una de las diez principales "potencias de fuego" del mundo actual gracias a su capacidad de extinción de incendios, su investigación sobre incendios y su combustión industrial, pero también por la continuidad de prácticas consuetudinarias que han adquirido cada vez mayor importancia en un mundo que sufre demasiada combustión y muy poco fuego. Five Suns completa una trilogía sobre la historia de los incendios en América del Norte escrita por Pyne durante los últimos 40 años, que complementa sus historias de Canadá y Estados Unidos.
650 #4 - PUNTO DE ACCESO ADICIONAL DE MATERIA--TÉRMINO DE MATERIA
9 (RLIN) 189619
Término de materia o nombre geográfico como elemento de entrada Incendios
Subdivisión geográfica México
Subdivisión general Historia
650 #4 - PUNTO DE ACCESO ADICIONAL DE MATERIA--TÉRMINO DE MATERIA
9 (RLIN) 189620
Término de materia o nombre geográfico como elemento de entrada Incendios forestales
Subdivisión geográfica México
Subdivisión general Historia
650 #4 - PUNTO DE ACCESO ADICIONAL DE MATERIA--TÉRMINO DE MATERIA
9 (RLIN) 189621
Término de materia o nombre geográfico como elemento de entrada Ecología del fuego
Subdivisión geográfica México
650 #4 - PUNTO DE ACCESO ADICIONAL DE MATERIA--TÉRMINO DE MATERIA
9 (RLIN) 57523
Término de materia o nombre geográfico como elemento de entrada Incendios
Subdivisión general Control
942 ## - ELEMENTOS DE PUNTO DE ACCESO ADICIONAL (KOHA)
Fuente del sistema de clasificación o colocación Dewey Decimal Classification
Tipo de ítem Koha Libro
Holdings
Estado de retiro Estado de pérdida Fuente del sistema de clasificación o colocación Estado dañado Restricciones de uso No para préstamo Código de colección Localización permanente Ubicación/localización actual Ubicación en estantería Fecha de adquisición Total de préstamos Signatura topográfica completa Código de barras Fecha visto por última vez Precio válido a partir de Tipo de ítem Koha
    Dewey Decimal Classification   Préstamo 15 días   General Biblioteca Central Biblioteca Central Planta alta - Colección General 18/09/2024   577.240972 P64 33724002590869 18/09/2024 18/09/2024 Libro